Welcome to CU Library Online Public Access Catalogue (OPAC)

Griffith's instructions for patients / (Record no. 3354)

MARC details
000 -LEADER
fixed length control field 00715cam a22002294a 4500
001 - CONTROL NUMBER
control field 13693016
005 - DATE AND TIME OF LATEST TRANSACTION
control field 20250201180336.0
008 - FIXED-LENGTH DATA ELEMENTS--GENERAL INFORMATION
fixed length control field 040820s2005 paua 001 0 eng
020 ## - INTERNATIONAL STANDARD BOOK NUMBER
International Standard Book Number 9781416000365
050 00 - LIBRARY OF CONGRESS CALL NUMBER
Classification number RC81
Item number .M775 2005
082 00 - DEWEY DECIMAL CLASSIFICATION NUMBER
Classification number 616
Edition information 22
100 1# - MAIN ENTRY--PERSONAL NAME
Personal name Moore, Stephen W.
245 10 - TITLE STATEMENT
Title Griffith's instructions for patients /
Statement of responsibility, etc. Stephen W. Moore ; with assistance of Jo A. Griffith.
250 ## - EDITION STATEMENT
Edition statement 7th ed.
260 ## - PUBLICATION, DISTRIBUTION, ETC.
Place of publication, distribution, etc. Philadelphia, Pa. :
Name of publisher, distributor, etc. Elsevier Saunders,
Date of publication, distribution, etc. c2005.
300 ## - PHYSICAL DESCRIPTION
Extent xii, 636 p. :
Other physical details ill. ;
Dimensions 28 cm. +
Accompanying material 1 CD-ROM (4 3/4 in.)
500 ## - GENERAL NOTE
General note Includes index.
650 #0 - SUBJECT ADDED ENTRY--TOPICAL TERM
Topical term or geographic name entry element Medicine, Popular.
650 #0 - SUBJECT ADDED ENTRY--TOPICAL TERM
Topical term or geographic name entry element Patient education.
700 1# - ADDED ENTRY--PERSONAL NAME
Personal name Griffith, Jo A.
942 ## - ADDED ENTRY ELEMENTS (KOHA)
Source of classification or shelving scheme Library of Congress Classification
Koha item type Books
Edition 7th ed.
Suppress in OPAC No
999 ## -
-- 3354
-- 3354
Holdings
Withdrawn status Lost status Source of classification or shelving scheme Damaged status Not for loan Collection Home library Current library Shelving location Date acquired Total checkouts Full call number Barcode Date last seen Copy number Price effective from Koha item type
    Library of Congress Classification     Non-fiction Science Library (Miotso) Science Library (Miotso) General stacks 02/01/2025   RC81 .M775 MOO SLM00002761 02/01/2025 1 02/01/2025 Books
    Library of Congress Classification     Non-fiction Science Library (Miotso) Science Library (Miotso) General stacks 02/01/2025   RC81 .M775 MOO SLM00002762 02/01/2025 2 02/01/2025 Books
    Library of Congress Classification     Non-fiction Science Library (Miotso) Science Library (Miotso) General stacks 02/01/2025   RC81 .M775 MOO SLM00002763 02/01/2025 3 02/01/2025 Books
    Library of Congress Classification     Non-fiction Science Library (Miotso) Science Library (Miotso) General stacks 02/01/2025   RC81 .M775 MOO SLM00002764 02/01/2025 4 02/01/2025 Books
    Library of Congress Classification     Non-fiction Science Library (Miotso) Science Library (Miotso) General stacks 02/01/2025   RC81 .M775 MOO SLM00002765 02/01/2025 5 02/01/2025 Books
© 2023-2024 Copyright: Central University Libraries. All Rights Reserved | Created by: Mahone Tech Office